• 首页
  • 本馆介绍
  • 公告通知
  • 最新文献
  • 馆藏检索
  • 电子资源
  • 读者导购
  • 参考咨询
  • 我的图书馆
  • 登录
  • 详细信息显示
  • 放入我的书架
  • 预约/预借图书
  • 作者相关作品
  • 分类相关作品
  • 丛书相关作品
  • 出版社相关作品

书目信息

  • 表格格式
  • 工作单格式
  • 卡片格式
题名:
宗教的幻象
    
 
作者: 方杲 著
分册:  
出版信息: 长春   吉林出版集团有限责任公司  2014
页数: 186页
开本: 23cm
丛书名: 马克思主义简明读本
单 册:
中图分类: B920
科图分类:
主题词: 马克思主义--宗教学--研究
电子资源:
ISBN: 978-7-5534-4087-3
000 00912nam 2200241 450
001 2348157099
005 20231120181925.19
010    @a978-7-5534-4087-3@dCNY29.70
100    @a20191017d2019 ekmy0chiy50 ea
101 0  @achi
102    @aCN@b220000
105    @ay z 000yy
200 1  @a宗教的幻象@Azong jiao de huan xiang@f方杲著
210    @a长春@c吉林出版集团有限责任公司@d2014
215    @a186页@d23cm
225 2  @a马克思主义简明读本@Ama ke si zhu yi jian ming du ben
330    @a马克思主义宗教观以批判宗教为基本价值取向,从宗教与社会生活的关系的角度揭示宗教是一定社会历史阶段的产物、随着社会发展而发展直至消亡的客观规律,并分析了宗教的作用。马克思主义宗教观已成为不断发展着的马克思主义哲学的分支学科。
410  0 @12001 @a马克思主义简明读本
606 0  @a马克思主义@x宗教学@x研究
690    @aB920@v5
701  0 @a方杲@AFang Gao@4著
801  0 @aCN@b山东中教@c20230928
905    @aBZT@dB920@e4
    
    宗教的幻象/方杲著.-长春:吉林出版集团有限责任公司,2014
    186页;23cm.-(马克思主义简明读本)
    
    
    ISBN 978-7-5534-4087-3:CNY29.70
    马克思主义宗教观以批判宗教为基本价值取向,从宗教与社会生活的关系的角度揭示宗教是一定社会历史阶段的产物、随着社会发展而发展直至消亡的客观规律,并分析了宗教的作用。马克思主义宗教观已成为不断发展着的马克思主义哲学的分支学科。
●
相关链接 在五车中查询图书 在当当中查询图书 在豆瓣中查询图书


正题名:宗教的幻象     索取号:B920/4         预约/预借

序号 登录号 条形码 馆藏地/架位号 状态 备注
1 2000973083   2000973083   第四书库/四3架B面3层4列/ [索取号:B920/4] 在馆    
2 2000973084   2000973084   第四书库/四3架B面3层4列/ [索取号:B920/4] 在馆    
3 2000973085   2000973085   第四书库/四3架B面3层4列/ [索取号:B920/4] 在馆    
4 2000973086   2000973086   培训中心一楼图书角/四3架B面3层4列/ [索取号:B920/4] 在馆    
5 2000973087   2000973087   培训中心一楼图书角/四3架B面3层4列/ [索取号:B920/4] 在馆    
6 2000973088   2000973088   培训中心一楼图书角/四3架B面3层4列/ [索取号:B920/4] 在馆    
山东省滨州职业学院图书馆 欢迎您!
大连网信软件有限公司© 版权所有